| 000 | 01656nam a2200373 c 4500 | ||
|---|---|---|---|
| 003 | BLK | ||
| 005 | 20241216114303.0 | ||
| 008 | 180408b bul|||||r ||||||| ||bul|| | ||
| 010 | _aKNG00055743000 | ||
| 020 |
_a954-608-093-4 _bиздат.: Труд и право - (Подв.) |
||
| 040 | _aBLK | ||
| 041 |
_aBUL _cBUL |
||
| 080 |
_aСтопанско законодателство. Търговия. Индустрия _b351.82 _x:711(497.2)(094.57) _z351.82:711(497.2)(094.57) |
||
| 110 | 1 |
_aБългария. Закони и др. п. _9243213 |
|
| 139 |
_aБългария. Закони и др. п. _bБ 92 |
||
| 245 | 1 | 0 | _aПодзаконови нормативни актове по устройство на територията |
| 257 | _aBGR | ||
| 260 |
_аСофия _bТруд и право _c2004 _fСофия : Д. Благоев |
||
| 300 |
_a480 с. _bс табл., сх. _c21 см |
||
| 380 | _a3 | ||
| 500 | _aОфс. изд. | ||
| 650 | 4 |
_aГрадоустройство - България - законодателни и директивни материали _9267983 |
|
| 650 | 0 |
_aБлагоустройство на населените места - България - законодателни и директивни материали _9264064 |
|
| 653 | _aградоустройство | ||
| 653 | _aблагоустройство | ||
| 653 | _aнормативни документи | ||
| 653 | _aБългария | ||
| 852 | _aЦб 224943 | ||
| 856 | 4 |
_qpdf _u |
|
| 856 | 4 |
_qpdf _u |
|
| 942 |
_cKNG _n0 |
||
| 944 |
_aCR _c06.10.2005 _k30560 _lГеновева Генчева |
||
| 944 |
_aED _c21.12.2005 _k |
||
| 999 |
_c51828 _d51828 |
||